Statistics for Spider-Man: Homecoming (2017) character screen time

Click here to take the quiz!

General Stats

  • This quiz has been taken 60 times
  • The average score is 10 of 20

Answer Stats

screen timeAnswer% Correct
76:15Peter Parker
100%
2:45Michelle Jones
92%
19:00Adrian Toomes
89%
8:00Tony Stark
89%
4:00May Parker
87%
6:00Harold "Happy" Hogan
79%
13:45Ned Leeds
74%
2:15Flash Thompson
68%
4:30Herman Schultz
55%
2:30Jackson Brice
55%
9:45Liz Toomes
45%
1:15Betty Brant
38%
1:00Steve Rogers
34%
2:30Aaron Davis
30%
3:45Phineas Mason
30%
:45Pepper Potts
28%
1:15Mac Gargan
17%
2:00Roger Harrington
17%
1:00Jason Ionello
9%
1:00Ann Marie Hoag
2%

Score Distribution

Percentile by Number Answered

Percent of People with Each Score

Your Score History

You have not taken this quiz